Fr. Conceicao Rodrigues College of Engineering

Client /Server LAN Programming (Record no. 28393)

MARC details
000 -LEADER
fixed length control field 00299nam a2200145Ia 4500
082 ## - DEWEY DECIMAL CLASSIFICATION NUMBER
Classification number 4.68
Item number PAN
100 ## - MAIN ENTRY--PERSONAL NAME
Personal name Nance Barry
245 ## - TITLE STATEMENT
Title Client /Server LAN Programming
260 ## - PUBLICATION, DISTRIBUTION, ETC.
Name of publisher, distributor, etc. QUE
Place of publication, distribution, etc. Indiana
Date of publication, distribution, etc. 1995
300 ## - PHYSICAL DESCRIPTION
Extent 713
546 ## - LANGUAGE NOTE
Language note ENGLISH
654 ## - SUBJECT ADDED ENTRY--FACETED TOPICAL TERMS
Focus term Computer
942 ## - ADDED ENTRY ELEMENTS (KOHA)
Koha item type BOOK
Holdings
Withdrawn status Lost status Damaged status Not for loan Collection Home library Current library Date acquired Source of acquisition Cost, normal purchase price Total Checkouts Full call number Barcode Date last seen Cost, replacement price Price effective from Koha item type
        CRC Fr. Agnel's C.Rodrigues College of Engineering Fr. Agnel's C.Rodrigues College of Engineering 17/03/2023 global books 1759.64   4.68 PAN 7718 17/03/2023 1759.64 17/03/2023 BOOK